5 min. for states in Mexico without clues - Statistics

General Stats
  • This quiz has been taken 35 times
  • The average score is 16 of 32
Answer Stats
Estado % Correct
Aguascalientes
100%
Baja California Sur
60%
Chiapas
60%
Coahuila
60%
Baja California Norte
55%
Campeche
55%
Chihuahua
55%
Zacatecas
55%
Colima
50%
Durango
50%
Guanajuato
50%
Jalisco
50%
Nayarit
50%
Nuevo León
50%
Oaxaca
50%
Puebla
50%
Quintana Roo
50%
Sinaloa
50%
Sonora
50%
Tamaulipas
50%
Distrito Federal
45%
Guerrero
45%
Hidalgo
45%
Michoacán
45%
Querétaro
45%
San Luis Potosí
45%
Tabasco
45%
Veracruz
45%
Yucatán
45%
Estado de México
40%
Tlaxcala
40%
Morelos
35%
No matching quizzes found
Score Distribution
Percent of People with Each Score
Percentile by Number Answered
Your Score History
You have not taken this quiz